00355nam a2200145Ia 450000500170000000800460001703700290006304000200009204100130011208400240012524500360014925000060018526000090019130000090020020250508155247.0008 250505s9999 xx 000 0 eng d aBooks to be hide in OPAC aFEDLbengcFEDL aeng2eng a379.14, PUN/OqFEDL 0aPunjab, European education code a7 c1937 a31p.